000 00880nac a22002531i 4500
003 EG-ScBUE
005 20250316092121.0
008 250316r20041967ii f b 001 0 eng d
020 _a817808421X
040 _aEG-ScBUE
_beng
_erda
_cEG-ScBUE
_dEG-ScBUE
082 0 4 _a530.123
_bSAK
_222
100 1 _aSakurai, J. J.,
_eauthor.
245 1 0 _aAdvanced quantum mechanics /
_c[by] J. J. Sakurai, Late of the Department of Physics, University of California, Los Angeles.
250 _aFifth Indian reprint.
264 1 _aNew Delhi :
_bPearson Education,
_c2004.
300 _axii, 336 pages ;
_c24 cm
336 _2rdacontent
_atext
_btxt
337 _aunmediated
_2rdamedia
_bn
338 _avolume
_bnc
_2rdacarrier
504 _aIncludes bibliographical references and index.
650 7 _aQuantum field theory.
_2BUEsh
655 _vReading book
942 _cBB
_2ddc
999 _c1412
_d1412